dally M winners - Statistics

General Stats
  • This quiz has been taken 8 times
  • The average score is 4 of 46
Answer Stats
Hint Answer % Correct
2024 Jahrome Hughes
100%
2023 Kalyn Ponga
100%
2022 Nicho Hynes
57%
2019 James Tedesco
43%
2021 Tom Trbojevic
43%
2017 Cameron Smith
14%
2016 Cooper Cronk
14%
2020 Jack Wighton
14%
2018 Roger Tuivasa-Sheck
14%
1997 Allan Langer
0%
1996 Allan Langer
0%
2002 Andrew Johns
0%
1999 Andrew Johns
0%
1998 Andrew Johns
0%
2012 Ben Barba
0%
2011 Billy Slater
0%
2006 Cameron Smith
0%
1994 Cliff Lyons
0%
1990 Cliff Lyons
0%
2013 Cooper Cronk
0%
2004 Danny Buderus
0%
2003 Danny Buderus
0%
1992 Gary Freeman
0%
1989 Gavin Miller
0%
1988 Gavin Miller
0%
1985 Greg Alexander
0%
2009 Jarryd Hayne
0%
2015 Johnathan Thurston
0%
2014 Johnathan Thurston
0%
2007 Johnathan Thurston
0%
2005 Johnathan Thurston
0%
1995 Laurie Daley
0%
2008 Matt Orford
0%
1991 Michael Potter
0%
1984 Michael Potter
0%
1987 Peter Sterling
0%
1986 Peter Sterling
0%
2001 Preston Campbell
0%
1982 Ray Price
0%
1993 Ricky Stuart
0%
1980 Robert Laurie
0%
1979 Steve Morris
0%
1981 Steve Rogers
0%
1983 Terry Lamb
0%
2010 Todd Carney
0%
2000 Trent Barrett
0%
No matching quizzes found
Score Distribution
Percent of People with Each Score
Percentile by Number Answered
Your Score History
You have not taken this quiz